Science Foundations 10/ (Record no. 9984)

000 -LEADER
fixed length control field 00565nam a2200145 4500
008 - FIXED-LENGTH DATA ELEMENTS--GENERAL INFORMATION
fixed length control field 151123b xxu||||| |||| 00| 0 eng d
020 ## - INTERNATIONAL STANDARD BOOK NUMBER
International Standard Book Number 0973571209
050 ## - LIBRARY OF CONGRESS CALL NUMBER
Classification number LT 5000.E388S2 2004
100 ## - MAIN ENTRY--PERSONAL NAME
Personal name Sander, Lionel.
Dates associated with a name 2004
245 ## - TITLE STATEMENT
Title Science Foundations 10/
Statement of responsibility, etc. Lionel Sandner
260 ## - PUBLICATION, DISTRIBUTION, ETC. (IMPRINT)
Place of publication, distribution, etc. Victoria, B.C. :
Name of publisher, distributor, etc. Edvantage Press,
Date of publication, distribution, etc. 2006, ©2004.
300 ## - PHYSICAL DESCRIPTION
Extent xii, 290 pages : illustrations, maps ; 28 cm
Other physical details Includes index.
Dimensions
650 ## - SUBJECT ADDED ENTRY--TOPICAL TERM
Topical term or geographic name as entry element Science
Source of heading or term Study and teaching (Secondary)
Form subdivision Activity programs.
942 ## - ADDED ENTRY ELEMENTS (KOHA)
Source of classification or shelving scheme
Koha item type Hard Covered Materials
Classification part LT 5000.E388S2 2004
Holdings
Withdrawn status Lost status Source of classification or shelving scheme Damaged status Not for loan Home library Current library Date acquired Source of acquisition Total Checkouts Full call number Barcode Date last seen Price effective from Koha item type
          MACHAKOS UNIVERSITY LIBRARY MACHAKOS UNIVERSITY LIBRARY 23/11/2015 Donation (B.F.A)   LT 5000.E388S2 2004 18128 23/11/2015 23/11/2015 Hard Covered Materials
© Machakos University Library, Along The Highway, Machakos Wote Rd, Machakos, Kenya P.O. Box 136 - 90100 Machakos - Kenya

Tel: ( +254 ) 723 805829 OR Fax : 044-20353 OR Email: library@mksu.ac.ke